00700nam a22001937a 450000500170000000800390001702000180005605000220007410000200009624500890011626000440020530000210024949000480027050000350031860000460035370000410039970000360044070000300047620150320122533.0140123t sp||||| |||| 00| 0 spa d a978847658946504aB2948 bT39 2010 1 aTaylor, Charles10aHegel / cCharles Taylor. ; tr. Francisco Castro Merrifield, Carlos Mendiola Mejía aBarcelona, España :bAnthropos,c2010 a520 p. ;c24 cm.1 aAutores,Textos y Temas Filosofía,vNo. 78 aIncluye Bibliografias e Indice aGeorg Wilhelm Friedrich Hegel,d1770-18311 aCastro Merrifield, Francisco , etr.1 aMendiola Mejía, Carlos, etr.1 aLazo Briones, Pablo,etr.